Normal view
MARC view
Entry Personal Name
001 - CONTROL NUMBER
- control field: 162047
003 - CONTROL NUMBER IDENTIFIER
- control field: OSt
005 - DATE AND TIME OF LATEST TRANSACTION
- control field: 20220923212051.0
008 - FIXED-LENGTH DATA ELEMENTS
- fixed length control field: 220923|| aca||aabn | a|a d
040 ## - CATALOGING SOURCE
- Original cataloging agency: OSt
- Transcribing agency: OSt
100 ## - HEADING--PERSONAL NAME
- Personal name: कल्ला, ओ0 पी0 एन0
670 ## - SOURCE DATA FOUND
- Source citation: Work cat.: (OSt)306174: कल्ला, ओ0 पी0 एन0, अतिरिक्ष में भारत उपग्रह-संचार के विकास की कहानी, 1986
